[Event "Angers op 13th"]
[Site "Angers"]
[Date "2018.05.13"]
[Round "5"]
[White "Chakravarthi, Reddy M"]
[Black "Entem, Alan"]
[Result "1-0"]
[WhiteElo "2443"]
[BlackElo "2145"]
[PlyCount "105"]
[EventDate "2018.05.11"]
[EventType "swiss"]
[EventRounds "6"]
[EventCountry "FRA"]
[SourceTitle "CBM 184 Extra"]
[Source "ChessBase"]
[SourceDate "2018.06.28"]
[SourceVersion "1"]
[SourceVersionDate "2018.06.28"]
[SourceQuality "1"]

1. d4 Nf6 2. c4 g6 3. Nf3 Bg7 4. g3 0-0 5. Bg2 d6 6. 0-0 Nbd7 7. Nc3 e5 8. e4 c6 9. h3 Qb6 10. c5 dxc5 11. dxe5 Ne8 12. Qc2 Nxe5 13. Nxe5 Bxe5 14. Na4 Qc7 15. Nxc5 b6 16. Nd3 Ba6 17. Rd1 Bxd3 18. Rxd3 c5 19. Be3 c4 20. Rdd1 Rc8 21. Rac1 b5 22. Rd5 a6 23. f4 Bd6 24. Rcd1 Qe7 25. Qf2 f6 26. h4 b4 27. h5 c3 28. bxc3 bxc3 29. Qc2 gxh5 30. e5 fxe5 31. fxe5 Rf7 32. Bd4 Bc5 33. Qxc3 Bxd4+ 34. Qxd4 Qa7 35. Bh3 Rc4 36. Qxa7 Rxa7 37. Rd8 Re7 38. Bd7 Rxe5 39. Rxe8+ Rxe8 40. Bxe8 Rc3 41. Bxh5 Rxg3+ 42. Kf2 Ra3 43. Rd2 Kg7 44. Be2 a5 45. Bc4 Rh3 46. Rd7+ Kf6 47. Ra7 Ke5 48. Rxa5+ Kd4 49. Bf1 Rh6 50. a4 Kc3 51. Ra8 Kb4 52. a5 Rh5 53. a6 1-0

[Event "Angers op 13th"]
[Site "Angers"]
[Date "2018.05.12"]
[Round "3"]
[White "Batteux, Mickael"]
[Black "Entem, Alan"]
[Result "0-1"]
[WhiteElo "2097"]
[BlackElo "2145"]
[PlyCount "60"]
[EventDate "2018.05.11"]
[EventType "swiss"]
[EventRounds "6"]
[EventCountry "FRA"]
[SourceTitle "CBM 184 Extra"]
[Source "ChessBase"]
[SourceDate "2018.06.28"]
[SourceVersion "1"]
[SourceVersionDate "2018.06.28"]
[SourceQuality "1"]

1. d4 g6 2. Nf3 Bg7 3. Nc3 c5 4. dxc5 Qa5 5. Bd2 Qxc5 6. e3 Nf6 7. Be2 0-0 8. 0-0 d5 9. Be1 Nc6 10. Na4 Qd6 11. c4 Rd8 12. Bc3 e5 13. cxd5 Nxd5 14. Bc4 Bg4 15. h3 Nxc3 16. Qxd6 Rxd6 17. Nxc3 Bxf3 18. gxf3 Rd2 19. Ne4 Rxb2 20. Ng5 Rf8 21. Rab1 Rxb1 22. Rxb1 Na5 23. Bd5 h6 24. Rb5 b6 25. Ne4 Rd8 26. Nc3 Kf8 27. e4 Rc8 28. Ne2 Rc2 29. Ng3 Bf6 30. Kg2 Be7 0-1

[Event "Reykjavik op"]
[Site "Reykjavik"]
[Date "2017.04.26"]
[Round "9"]
[White "Soumya, Swaminathan"]
[Black "Entem, Alan"]
[Result "1-0"]
[WhiteElo "2349"]
[BlackElo "2200"]
[PlyCount "89"]
[EventDate "2017.04.19"]
[EventType "swiss"]
[EventRounds "10"]
[EventCountry "ISL"]
[SourceTitle "CBM 178 Extra"]
[Source "ChessBase"]
[SourceDate "2017.06.22"]
[SourceVersion "1"]
[SourceVersionDate "2017.06.22"]
[SourceQuality "1"]

1. e4 c5 2. Nf3 d6 3. d4 cxd4 4. Nxd4 Nf6 5. Nc3 g6 6. Be3 Bg7 7. f3 0-0 8. Bc4 Nc6 9. Qd2 Bd7 10. 0-0-0 Ne5 11. Bb3 Qa5 12. Kb1 Rfc8 13. h4 Nc4 14. Bxc4 Rxc4 15. Nb3 Qc7 16. h5 Rc8 17. hxg6 fxg6 18. e5 Rxc3 19. exd6 exd6 20. Qxc3 Qxc3 21. bxc3 Rxc3 22. Bxa7 Rc4 23. Rxd6 Bf5 24. Nd4 Rb4+ 25. Kc1 Ra4 26. Nxf5 gxf5 27. Bd4 Ne8 28. Rd8 Bxd4 29. Rxe8+ Kf7 30. Rb8 Rxa2 31. Rxh7+ Kg6 32. Rhxb7 f4 33. Kd2 Be3+ 34. Kd3 Ra4 35. c3 Ra2 36. Rc8 Kf5 37. Rb5+ Ke6 38. Rc6+ Kd7 39. Rg6 Kc7 40. Rf5 Rd2+ 41. Ke4 Rd7 42. g3 Bd2 43. gxf4 Be1 44. Rd5 Rf7 45. f5 1-0

[Event "Reykjavik op"]
[Site "Reykjavik"]
[Date "2017.04.24"]
[Round "7"]
[White "Olafsson, Smari"]
[Black "Entem, Alan"]
[Result "0-1"]
[WhiteElo "1998"]
[BlackElo "2200"]
[PlyCount "44"]
[EventDate "2017.04.19"]
[EventType "swiss"]
[EventRounds "10"]
[EventCountry "ISL"]
[SourceTitle "CBM 178 Extra"]
[Source "ChessBase"]
[SourceDate "2017.06.22"]
[SourceVersion "1"]
[SourceVersionDate "2017.06.22"]
[SourceQuality "1"]

1. e4 c5 2. Nf3 g6 3. d4 cxd4 4. Nxd4 Nc6 5. Nc3 Bg7 6. Be3 Nf6 7. Bc4 Qa5 8. 0-0 0-0 9. Bb3 d6 10. h3 Bd7 11. f4 Qh5 12. Nf3 b5 13. e5 dxe5 14. fxe5 Nxe5 15. Nxe5 Qxe5 16. Bd4 Qc7 17. Qe2 Ng4 18. hxg4 Bxd4+ 19. Kh1 Qg3 20. Rf3 Qxg4 21. Qe4 Qh5+ 22. Rh3 Bxh3 0-1

[Event "Reykjavik op"]
[Site "Reykjavik"]
[Date "2017.04.23"]
[Round "6"]
[White "Entem, Alan"]
[Black "Firat, Burak"]
[Result "0-1"]
[WhiteElo "2200"]
[BlackElo "2503"]
[PlyCount "72"]
[EventDate "2017.04.19"]
[EventType "swiss"]
[EventRounds "10"]
[EventCountry "ISL"]
[SourceTitle "CBM 178 Extra"]
[Source "ChessBase"]
[SourceDate "2017.06.22"]
[SourceVersion "1"]
[SourceVersionDate "2017.06.22"]
[SourceQuality "1"]

1. e4 c5 2. Nf3 e6 3. d4 cxd4 4. Nxd4 Nc6 5. Nc3 Qc7 6. Be3 a6 7. Qd2 Nf6 8. 0-0-0 Bb4 9. f3 Ne7 10. Nb3 d5 11. e5 Nd7 12. f4 b6 13. Bd3 Bb7 14. Rhe1 Rc8 15. Bd4 Nc5 16. Kb1 Nxb3 17. cxb3 Nc6 18. Bf1 Nxd4 19. Qxd4 Qc5 20. a3 Qxd4 21. Rxd4 Bc5 22. Rd2 b5 23. Ne2 Be3 24. Rd3 Bf2 25. Rc1 Rxc1+ 26. Kxc1 Ke7 27. Nd4 f6 28. exf6+ gxf6 29. Kd2 e5 30. Rc3 Kd7 31. Nc2 e4 32. Ke2 Bg1 33. Rg3 d4 34. Rg7+ Kc8 35. Nb4 a5 36. Na6 Bxa6 0-1

[Event "Sautron op 15th"]
[Site "Sautron"]
[Date "2015.10.24"]
[Round "2.7"]
[White "Loiseau, Quentin"]
[Black "Entem, Alan"]
[Result "1-0"]
[WhiteElo "2449"]
[BlackElo "2175"]
[PlyCount "71"]
[EventDate "2015.10.24"]
[EventType "swiss"]
[EventRounds "9"]
[EventCountry "FRA"]
[SourceTitle "EXT 2019"]
[Source "ChessBase"]
[SourceDate "2018.10.10"]
[SourceVersion "1"]
[SourceVersionDate "2018.10.10"]
[SourceQuality "1"]

1. d4 g6 2. c4 Bg7 3. Nc3 c5 4. d5 Bxc3+ 5. bxc3 f5 6. e4 fxe4 7. f3 d6 8. fxe4 Qa5 9. Qc2 Nf6 10. Nf3 Nbd7 11. Bd3 Ne5 12. Nxe5 dxe5 13. 0-0 h6 14. Bd2 Bd7 15. Qc1 0-0-0 16. d6 Ng8 17. dxe7 Nxe7 18. Bxh6 Bc6 19. Be2 Rh7 20. Qe3 Qc7 21. Bg5 b6 22. Rf6 Kb7 23. Raf1 Rdh8 24. h3 Be8 25. Qg3 Nc6 26. Bg4 Bf7 27. Qd3 Rd8 28. Qe2 Rd6 29. Rxd6 Qxd6 30. Rd1 Qb8 31. Rd7+ Ka8 32. Qd1 Bg8 33. Rxh7 Bxh7 34. Qd7 Qb7 35. Qe8+ Nb8 36. Be6 1-0

[Event "Sautron op 15th"]
[Site "Sautron"]
[Date "2015.10.23"]
[Round "7.20"]
[White "Entem, Alan"]
[Black "Giraud, Thierry"]
[Result "1-0"]
[WhiteElo "2175"]
[BlackElo "1849"]
[PlyCount "87"]
[EventDate "2015.10.24"]
[EventType "swiss"]
[EventRounds "9"]
[EventCountry "FRA"]
[SourceTitle "EXT 2019"]
[Source "ChessBase"]
[SourceDate "2018.10.10"]
[SourceVersion "1"]
[SourceVersionDate "2018.10.10"]
[SourceQuality "1"]

1. e4 c5 2. Nf3 e6 3. d4 cxd4 4. Nxd4 a6 5. Bd3 Bc5 6. Nb3 Ba7 7. Nc3 Nc6 8. Qe2 d6 9. a4 Nf6 10. 0-0 Ne5 11. Be3 Bxe3 12. Qxe3 Nfg4 13. Qg3 h5 14. h3 h4 15. Qf4 g5 16. Qd2 Nxd3 17. cxd3 Nh6 18. e5 dxe5 19. Ne4 Rg8 20. Qb4 Nf5 21. Na5 Qe7 22. Qc3 Nd4 23. Qa3 Kf8 24. Nc4 Qxa3 25. Rxa3 Nc6 26. Nb6 Rb8 27. Nf6 Rh8 28. Nfd7+ Bxd7 29. Nxd7+ Ke7 30. Nxb8 Rxb8 31. Rc1 Rd8 32. Kf1 Rd7 33. Rc4 f6 34. b4 Nd4 35. Rc8 Rd8 36. Rc7+ Rd7 37. Rac3 Nc6 38. Rxd7+ Kxd7 39. b5 Nd4 40. b6 Nc6 41. Rc4 Kd6 42. g3 e4 43. dxe4 Ke5 44. Rxc6 1-0

[Event "Sautron op 15th"]
[Site "Sautron"]
[Date "2015.10.23"]
[Round "9.12"]
[White "Entem, Alan"]
[Black "Navrotescu, Catalin"]
[Result "0-1"]
[WhiteElo "2175"]
[BlackElo "2366"]
[PlyCount "88"]
[EventDate "2015.10.24"]
[EventType "swiss"]
[EventRounds "9"]
[EventCountry "FRA"]
[SourceTitle "EXT 2019"]
[Source "ChessBase"]
[SourceDate "2018.10.10"]
[SourceVersion "1"]
[SourceVersionDate "2018.10.10"]
[SourceQuality "1"]

1. e4 c5 2. Nf3 e6 3. d4 cxd4 4. Nxd4 a6 5. Bd3 Bc5 6. Nb3 Be7 7. Nc3 d6 8. 0-0 Nf6 9. Kh1 b5 10. Qe2 Qc7 11. f4 Nbd7 12. Bd2 Bb7 13. Rae1 e5 14. g4 b4 15. Nd1 d5 16. Nf2 0-0 17. g5 Nxe4 18. Nxe4 dxe4 19. Bxe4 Rac8 20. c3 bxc3 21. Bxc3 exf4 22. Qg2 Bxe4 23. Rxe4 Bd6 24. Nd4 Nc5 25. Re2 Na4 26. Bd2 g6 27. h3 Nc5 28. Qd5 Rfe8 29. Rfe1 Rxe2 30. Rxe2 Nd7 31. Ba5 Qc5 32. Qb7 Rf8 33. Nf3 Qxa5 34. Qxd7 Rd8 35. Re8+ Rxe8 36. Qxe8+ Kg7 37. Qc6 Be7 38. h4 h6 39. Qe4 Qc7 40. Kg2 hxg5 41. hxg5 a5 42. Kh3 Qd7+ 43. Kh4 f6 44. Qd4 Qf5 0-1

[Event "Sautron op 15th"]
[Site "Sautron"]
[Date "2015.10.23"]
[Round "5.23"]
[White "Entem, Alan"]
[Black "Rabhi, Chamss Eddine"]
[Result "1-0"]
[WhiteElo "2175"]
[BlackElo "1953"]
[PlyCount "47"]
[EventDate "2015.10.24"]
[EventType "swiss"]
[EventRounds "9"]
[EventCountry "FRA"]
[SourceTitle "EXT 2019"]
[Source "ChessBase"]
[SourceDate "2018.10.10"]
[SourceVersion "1"]
[SourceVersionDate "2018.10.10"]
[SourceQuality "1"]

1. e4 e6 2. d4 d5 3. Nc3 Bb4 4. e5 Ne7 5. a3 Bxc3+ 6. bxc3 c5 7. Qg4 0-0 8. Bd3 Nbc6 9. Qh5 Ng6 10. Nf3 c4 11. Ng5 h6 12. Nxf7 Nf4 13. Bxf4 Rxf7 14. Bh7+ Kf8 15. Bd2 Ke7 16. Bg6 Rf8 17. 0-0 Kd7 18. f4 Kc7 19. f5 exf5 20. Bxf5 Bxf5 21. Rxf5 Rxf5 22. Qxf5 Qe7 23. Qg6 Re8 24. Qd6+ 1-0

[Event "Sautron op 15th"]
[Site "Sautron"]
[Date "2015.10.23"]
[Round "3.40"]
[White "Entem, Alan"]
[Black "Vaillant, Stephane"]
[Result "1-0"]
[WhiteElo "2175"]
[BlackElo "1872"]
[PlyCount "57"]
[EventDate "2015.10.24"]
[EventType "swiss"]
[EventRounds "9"]
[EventCountry "FRA"]
[SourceTitle "EXT 2019"]
[Source "ChessBase"]
[SourceDate "2018.10.10"]
[SourceVersion "1"]
[SourceVersionDate "2018.10.10"]
[SourceQuality "1"]

1. e4 e6 2. d4 d5 3. Nc3 Nf6 4. Bg5 dxe4 5. Bxf6 Qxf6 6. Nxe4 Qd8 7. Nf3 Nd7 8. Bd3 Be7 9. Qe2 b6 10. 0-0-0 Bb7 11. h4 Nf6 12. Neg5 Bxf3 13. Qxf3 h6 14. Bb5+ Kf8 15. Bc6 Rb8 16. d5 e5 17. Ne4 Bd6 18. Rd3 Nxe4 19. Qxe4 g6 20. g4 Kg7 21. Rf3 Qe7 22. Bb5 a5 23. a4 Rbf8 24. Bd3 Qe8 25. h5 f5 26. gxf5 g5 27. f6+ Rxf6 28. Rxf6 Kxf6 29. Rh3 1-0

[Event "Rennes Masters op"]
[Site "Rennes"]
[Date "2013.03.31"]
[Round "4"]
[White "Geffroy, Leo"]
[Black "Entem, Alan"]
[Result "1-0"]
[WhiteElo "1970"]
[BlackElo "2177"]
[PlyCount "57"]
[EventDate "2013.03.30"]
[EventType "tourn"]
[EventRounds "7"]
[EventCountry "FRA"]
[SourceTitle "EXT 2014"]
[Source "ChessBase"]
[SourceDate "2013.11.20"]
[SourceVersion "1"]
[SourceVersionDate "2013.11.20"]
[SourceQuality "1"]

1. e4 c5 2. Nf3 Nc6 3. Bb5 e6 4. 0-0 Nge7 5. Re1 a6 6. Bf1 d5 7. exd5 Nxd5 8. d4 cxd4 9. Nxd4 Bc5 10. Nxc6 bxc6 11. Qf3 Qf6 12. Qxf6 Nxf6 13. Nc3 0-0 14. Na4 Be7 15. c4 Bb7 16. Be3 Nd7 17. Red1 Rfd8 18. Nb6 Nxb6 19. Bxb6 Rxd1 20. Rxd1 Bc8 21. c5 Kf8 22. b4 Ke8 23. a4 Bd7 24. g3 f6 25. Bg2 e5 26. b5 axb5 27. axb5 Rc8 28. Rxd7 Kxd7 29. Bh3+ 1-0

[Event "FRA Cup"]
[Site "Bois Colombes"]
[Date "2012.05.19"]
[Round "1"]
[White "Entem, Alan"]
[Black "Helfer, Remi"]
[Result "1/2-1/2"]
[WhiteElo "2161"]
[BlackElo "2048"]
[PlyCount "73"]
[EventDate "2012.05.19"]
[EventType "team-match"]
[EventRounds "3"]
[EventCountry "FRA"]
[SourceTitle "EXT 2013"]
[Source "ChessBase"]
[SourceDate "2012.11.22"]
[SourceVersion "1"]
[SourceVersionDate "2012.11.22"]
[SourceQuality "1"]
[WhiteTeam "Rennes"]
[BlackTeam "Vandoeuvre"]
[WhiteTeamCountry "FRA"]
[BlackTeamCountry "FRA"]

1. e4 e5 2. Nf3 Nc6 3. Bc4 Bc5 4. 0-0 Nf6 5. d4 exd4 6. e5 d5 7. exf6 dxc4 8. fxg7 Rg8 9. Re1+ Be6 10. Bg5 Be7 11. Bxe7 Kxe7 12. Re4 d3 13. Nc3 Rxg7 14. cxd3 Qxd3 15. Nd5+ Kf8 16. Qxd3 cxd3 17. Nxc7 Bh3 18. Nh4 Rc8 19. Nd5 d2 20. Rd1 f5 21. Re3 Nd4 22. Nc3 Re8 23. Kf1 Rxe3 24. fxe3 Nc2 25. Nd5 Rd7 26. gxh3 Rxd5 27. Ke2 Re5 28. Ng2 Nxe3 29. Nxe3 f4 30. Kxd2 Rxe3 31. Rf1 Rxh3 32. Rxf4+ Ke7 33. Rf2 Ke6 34. Ke2 Ke7 35. Kf1 Ke6 36. Kg2 Rd3 37. Kf1 1/2-1/2

[Event "Rennes op"]
[Site "Rennes"]
[Date "2012.04.08"]
[Round "4.1"]
[White "Otmani, Kamel"]
[Black "Entem, Alan"]
[Result "0-1"]
[WhiteElo "2100"]
[BlackElo "2151"]
[PlyCount "50"]
[EventDate "2012.04.07"]
[EventType "swiss"]
[EventRounds "6"]
[EventCountry "FRA"]
[SourceTitle "EXT 2014"]
[Source "ChessBase"]
[SourceDate "2013.11.20"]
[SourceVersion "1"]
[SourceVersionDate "2013.11.20"]
[SourceQuality "1"]

1. d4 g6 2. c4 Bg7 3. e4 d6 4. Nc3 Nf6 5. f3 0-0 6. Bg5 h6 7. Be3 e5 8. d5 Kh7 9. Qd2 Ng8 10. Bd3 f5 11. 0-0-0 Ne7 12. Kb1 Nd7 13. Nge2 Nf6 14. exf5 Bxf5 15. Ng3 Qd7 16. Nce4 c6 17. Nxf5 Nxf5 18. Nxf6+ Rxf6 19. Be4 c5 20. Bf2 Ne7 21. Bh4 Rff8 22. Bxe7 Qxe7 23. Qd3 Qf6 24. h4 Kh8 25. Bxg6 e4 0-1

[Event "Rennes op"]
[Site "Rennes"]
[Date "2012.04.07"]
[Round "1.3"]
[White "Huard, Herve"]
[Black "Entem, Alan"]
[Result "0-1"]
[WhiteElo "1821"]
[BlackElo "2151"]
[PlyCount "57"]
[EventDate "2012.04.07"]
[EventType "swiss"]
[EventRounds "6"]
[EventCountry "FRA"]
[SourceTitle "EXT 2014"]
[Source "ChessBase"]
[SourceDate "2013.11.20"]
[SourceVersion "1"]
[SourceVersionDate "2013.11.20"]
[SourceQuality "1"]

1. Nf3 g6 2. g3 Bg7 3. d3 Nc6 4. Nbd2 e5 5. e4 Nge7 6. Bg2 d6 7. c3 0-0 8. 0-0 h6 9. Re1 Be6 10. h3 Qd7 11. g4 f5 12. gxf5 gxf5 13. Kh2 Ng6 14. exf5 Bxf5 15. Ne4 Kh8 16. Ng3 Nce7 17. Nh5 Nd5 18. Be3 Rg8 19. Qd2 Nxe3 20. fxe3 Raf8 21. Qe2 Qf7 22. Ng3 Be6 23. Rf1 Qe7 24. Ne4 d5 25. Nfg5 dxe4 26. Bxe4 Qxg5 27. Rg1 Qh4 28. Rg3 Bxh3 29. Kg1 0-1

[Event "FRA-chT2 West 0809"]
[Site "France"]
[Date "2009.02.08"]
[Round "7.2"]
[White "Le Gallo, Frederic"]
[Black "Entem, Alan"]
[Result "1/2-1/2"]
[WhiteElo "2031"]
[BlackElo "2135"]
[PlyCount "80"]
[EventDate "2008.10.19"]
[EventType "team-tourn"]
[EventRounds "11"]
[EventCountry "FRA"]
[SourceTitle "EXT 2010"]
[Source "ChessBase"]
[SourceDate "2010.11.25"]
[SourceVersion "1"]
[SourceVersionDate "2010.11.25"]
[SourceQuality "1"]
[WhiteTeam "Nantes II"]
[BlackTeam "Quimper"]
[WhiteTeamCountry "FRA"]
[BlackTeamCountry "FRA"]

1. e4 c5 2. c3 g6 3. d4 cxd4 4. cxd4 d5 5. exd5 Nf6 6. Nc3 Bg7 7. Qa4+ Nbd7 8. Nf3 0-0 9. Bc4 Nb6 10. Qb3 Nxc4 11. Qxc4 b6 12. Bg5 Bb7 13. Bxf6 exf6 14. 0-0 Qd7 15. Rfe1 Rfd8 16. a4 Rac8 17. Qb5 Bf8 18. a5 Qxb5 19. Nxb5 a6 20. Na7 Ra8 21. Nc6 Bxc6 22. dxc6 bxa5 23. Red1 Rd5 24. Rac1 Rc8 25. Kf1 Bd6 26. Rc2 g5 27. h3 h5 28. Ng1 Rd8 29. Ne2 Bc7 30. Rc4 Kg7 31. Nc3 R5d6 32. Ne4 Rd5 33. Nc5 Bb6 34. Nxa6 Rc8 35. Ke2 f5 36. b4 Kf6 37. Nc5 axb4 38. Kd3 Bxc5 39. Rxc5 Rxc5 40. dxc5 Rxc6 1/2-1/2

[Event "FRA-chT2 West 0809"]
[Site "France"]
[Date "2008.11.22"]
[Round "2.2"]
[White "Passager, Jean Pierre"]
[Black "Entem, Alan"]
[Result "1-0"]
[WhiteElo "2229"]
[BlackElo "2141"]
[PlyCount "85"]
[EventDate "2008.10.19"]
[EventType "team-tourn"]
[EventRounds "11"]
[EventCountry "FRA"]
[SourceTitle "EXT 2010"]
[Source "ChessBase"]
[SourceDate "2010.11.25"]
[SourceVersion "1"]
[SourceVersionDate "2010.11.25"]
[SourceQuality "1"]
[WhiteTeam "Echiquier Bordelais"]
[BlackTeam "Quimper"]
[WhiteTeamCountry "FRA"]
[BlackTeamCountry "FRA"]

1. d4 g6 2. c4 Bg7 3. Nf3 Nf6 4. Nc3 0-0 5. g3 d6 6. Bg2 c5 7. 0-0 Nc6 8. d5 Na5 9. Nd2 Rb8 10. Qc2 a6 11. b3 b5 12. Bb2 Bh6 13. f4 Ng4 14. Nd1 f5 15. e4 bxc4 16. Nxc4 Nxc4 17. Qxc4 fxe4 18. Qxe4 Rb4 19. Qe2 a5 20. Bh3 Nf6 21. Bxc8 Qxc8 22. Qxe7 Ne4 23. a3 Rxb3 24. Qxe4 Re8 25. Qc4 a4 26. Qxa4 Qb8 27. Bf6 Kf7 28. Bc3 Qb7 29. Qc4 Qb8 30. a4 Kg8 31. a5 Rb1 32. Rxb1 Qxb1 33. Ne3 Qb7 34. Ng4 Bg7 35. Nf6+ Bxf6 36. Bxf6 Re3 37. a6 Qd7 38. Ra1 Qe8 39. a7 Re1+ 40. Kg2 Rxa1 41. Bxa1 Qa8 42. Qc3 Qxd5+ 43. Kf2 1-0

[Event "FRA-chT2 West 0708"]
[Site "France"]
[Date "2008.04.05"]
[Round "10.3"]
[White "Entem, Alan"]
[Black "Webb, Laurence"]
[Result "0-1"]
[WhiteElo "2165"]
[BlackElo "2309"]
[PlyCount "90"]
[EventDate "2007.10.21"]
[EventType "team"]
[EventRounds "11"]
[EventCountry "FRA"]
[SourceTitle "EXT 2009"]
[Source "ChessBase"]
[SourceDate "2008.11.26"]
[SourceVersion "1"]
[SourceVersionDate "2008.11.26"]
[SourceQuality "1"]
[WhiteTeam "Quimper"]
[BlackTeam "Echiquier Berry Sologne"]
[WhiteTeamCountry "FRA"]
[BlackTeamCountry "FRA"]

1. e4 e5 2. Nf3 Nc6 3. Bc4 Be7 4. d4 exd4 5. c3 Nf6 6. e5 Ng4 7. cxd4 d5 8. Bb5 a6 9. Bxc6+ bxc6 10. h3 Nh6 11. Bxh6 gxh6 12. Qc2 Qd7 13. Nbd2 a5 14. Rc1 c5 15. dxc5 Ba6 16. Nd4 Bg5 17. g3 Rb8 18. f4 Rb4 19. Qc3 Be7 20. a3 Rxd4 21. Qxd4 Qb5 22. Rh2 Rg8 23. a4 Qd7 24. Rc3 c6 25. Kf2 h5 26. Rh1 Qf5 27. Qe3 Kd7 28. Nf3 Rb8 29. b3 Kc7 30. Nd4 Qd7 31. Kg2 Rb4 32. Rd1 Bc8 33. f5 Kb7 34. Nc2 Qxf5 35. Nxb4 axb4 36. Rcd3 Qxh3+ 37. Kg1 Bf5 38. R3d2 Be4 39. Rh2 Qg4 40. Rf1 f5 41. Kf2 h4 42. Rg1 Bg5 43. Qe2 hxg3+ 44. Rxg3 Qf4+ 45. Ke1 Qxg3+ 0-1

[Event "FRA-chT2 West 0708"]
[Site "France"]
[Date "2008.03.15"]
[Round "8.3"]
[White "Maisuradze, Nino"]
[Black "Entem, Alan"]
[Result "1/2-1/2"]
[WhiteElo "2270"]
[BlackElo "2164"]
[PlyCount "172"]
[EventDate "2007.10.21"]
[EventType "team"]
[EventRounds "11"]
[EventCountry "FRA"]
[SourceTitle "EXT 2009"]
[Source "ChessBase"]
[SourceDate "2008.11.26"]
[SourceVersion "1"]
[SourceVersionDate "2008.11.26"]
[SourceQuality "1"]
[WhiteTeam "Evry Grand Roque II"]
[BlackTeam "Quimper"]
[WhiteTeamCountry "FRA"]
[BlackTeamCountry "FRA"]

1. d4 g6 2. c4 Bg7 3. Nc3 c5 4. d5 Bxc3+ 5. bxc3 f5 6. Nf3 Qa5 7. Qc2 d6 8. a4 Nd7 9. Nd2 Ngf6 10. Nb3 Qa6 11. f3 Ne5 12. Bf4 Nxc4 13. e4 fxe4 14. fxe4 Ng4 15. Bd3 Nce3 16. Bxe3 c4 17. Qd2 cxd3 18. 0-0 Nxe3 19. Qxe3 Bg4 20. Qf4 Be2 21. Qf7+ Kd8 22. Qg7 Re8 23. Rfb1 Rc8 24. Nd4 d2 25. Nxe2 Qxe2 26. Qd4 Rf8 27. Qxa7 Rxc3 28. Qa5+ Rc7 29. Qa8+ Kd7 30. Qxf8 Qe3+ 31. Kf1 Rc1+ 32. Rxc1 dxc1Q+ 33. Rxc1 Qxc1+ 34. Kf2 Qc2+ 35. Ke3 Qxg2 36. Qa8 Qh3+ 37. Kd4 Qb3 38. a5 Qd1+ 39. Ke3 Qc1+ 40. Kf3 Qf1+ 41. Kg4 Qa6 42. Qb8 h6 43. h4 Qe2+ 44. Kf4 Qf1+ 45. Kg3 Qb1 46. Kf3 g5 47. hxg5 hxg5 48. Kg3 Qd3+ 49. Kf2 Qd2+ 50. Kf1 Qf4+ 51. Kg1 Qg3+ 52. Kf1 Qd3+ 53. Kf2 Qd4+ 54. Kf1 Qc4+ 55. Kf2 Qc3 56. Qg8 Qc2+ 57. Kf3 Qc3+ 58. Ke2 Qe5 59. Kd3 Qg3+ 60. Kc4 Qe5 61. Kb3 Qf6 62. Kc4 Qf1+ 63. Kd4 Qd1+ 64. Ke3 Qe1+ 65. Kd3 Qxa5 66. Qe6+ Kd8 67. Qg8+ Kc7 68. Qxg5 Qa3+ 69. Kc2 Qa2+ 70. Kc3 Qa1+ 71. Kc4 Qf1+ 72. Kb4 Qe1+ 73. Kb5 Qxe4 74. Qc1+ Kd7 75. Qg5 Qb1+ 76. Ka5 Qb3 77. Qd2 Kc7 78. Qc1+ Kb8 79. Qg5 Ka7 80. Qxe7 Qa3+ 81. Kb5 Qc5+ 82. Ka4 Qxd5 83. Kb4 Qd4+ 84. Ka5 d5 85. Kb5 Qc4+ 86. Ka5 Qd4 1/2-1/2

[Event "FRA-ch U20"]
[Site "Le Grand Bornand"]
[Date "2007.04.09"]
[Round "2"]
[White "Mania, Clement"]
[Black "Entem, Alan"]
[Result "1-0"]
[WhiteElo "1912"]
[BlackElo "2168"]
[PlyCount "97"]
[EventDate "2007.04.07"]
[EventType "swiss"]
[EventRounds "9"]
[EventCountry "FRA"]
[SourceTitle "CBM 118 Extra"]
[Source "ChessBase"]
[SourceDate "2007.07.04"]
[SourceVersion "1"]
[SourceVersionDate "2007.07.04"]
[SourceQuality "1"]

1. d4 e6 2. Nc3 d5 3. Nf3 c5 4. e4 Nf6 5. Bg5 cxd4 6. Nxd4 Be7 7. exd5 Nxd5 8. Bxe7 Nxe7 9. Ndb5 Nec6 10. Qxd8+ Kxd8 11. 0-0-0+ Nd7 12. Nd6 Ke7 13. Bb5 Ndb8 14. Rd2 a6 15. Bxc6 Nxc6 16. Na4 Rb8 17. Nb6 Na7 18. Rhd1 h6 19. Rd4 e5 20. Re4 Be6 21. Rxe5 Rhd8 22. Ndc4 Rxd1+ 23. Kxd1 Rd8+ 24. Kc1 Nc6 25. Re2 Rd4 26. Ne3 Kd6 27. b3 Ne5 28. Rd2 Rxd2 29. Kxd2 Kc5 30. Na4+ Kb4 31. Kc1 b5 32. Nb2 f5 33. f4 Nc6 34. Kb1 Kc3 35. Kc1 Kb4 36. Nbd1 Ka3 37. Kb1 Nd4 38. c3 Nxb3 39. Nc2+ Ka4 40. axb3+ Bxb3 41. Nf2 Ka5 42. Nd4 Bd5 43. g3 Be4+ 44. Ka2 g5 45. Nd1 gxf4 46. gxf4 b4 47. Kb3 bxc3 48. Kxc3 Kb6 49. Ne3 1-0